[Event "11th Essent op"]
[Site "Hoogeveen NED"]
[Date "2007.10.17"]
[Round "6.27"]
[White "Hamelink, Desiree"]
[Black "Klein, David"]
[Result "1-0"]
[WhiteElo "2202"]
[BlackElo "2086"]
[EventDate "2007.10.12"]
[PlyCount "107"]

1.e4 c5 2.Nf3 d6 3.d4 cxd4 4.Nxd4 Nf6 5.Nc3 a6 6.Bg5 e6 7.f4 Qc7 8.Qf3 b5 
9.f5 b4 10.Ncb5 axb5 11.fxe6 fxe6 12.Bxb5+ Bd7 13.Bxf6 Bxb5 14.Qh5+ Kd7 
15.Qxb5+ Nc6 16.Bh4 Ra5 17.Qxc6+ Qxc6 18.Nxc6 Kxc6 19.O-O g5 20.Be1 Re5 
21.Bxb4 Rxe4 22.Bc3 e5 23.Rae1 Rxe1 24.Rxe1 Be7 25.Rf1 Kd5 26.g4 h5 27.
gxh5 Rxh5 28.Kg2 g4 29.Bd2 e4 30.Rf7 Ke6 31.Rf4 d5 32.Rxg4 Bf6 33.c3 Kf5 
34.h3 Be5 35.Rg8 d4 36.cxd4 Bxd4 37.b4 e3 38.Be1 Ke4 39.a4 Kd3 40.Rg4 Ke2 
41.Rxd4 Kxe1 42.Re4 e2 43.b5 Rg5+ 44.Kf3 Rf5+ 45.Kg4 Rd5 46.b6 Kf2 47.b7 
Rd4 48.Rxd4 e1=Q 49.Rf4+ Kg2 50.b8=Q Qe6+ 51.Kg5 Qe7+ 52.Rf6 Qe3+ 53.Qf4 
Qc5+ 54.Kh6 1-0

[Event "11th Essent op"]
[Site "Hoogeveen NED"]
[Date "2007.10.17"]
[Round "6.28"]
[White "Fayard, Alain"]
[Black "Hendriks, Richard V"]
[Result "1-0"]
[WhiteElo "2360"]
[BlackElo "2125"]
[EventDate "2007.10.12"]
[PlyCount "77"]

1.d4 e6 2.c4 c5 3.d5 exd5 4.cxd5 d6 5.Nc3 g6 6.Bf4 Nf6 7.Nf3 a6 8.e4 Qe7 
9.Qe2 Bg4 10.Bxd6 Qxd6 11.e5 Bxf3 12.gxf3 Qe7 13.exf6 Qxe2+ 14.Kxe2 Nd7 
15.Ne4 O-O-O 16.Bh3 Kc7 17.Rac1 Nb6 18.Rhd1 Rxd5 19.a4 a5 20.Nc3 Rxd1 21.
Rxd1 Bh6 22.Nb5+ Kb8 23.Rd6 Nxa4 24.Rd7 Bf4 25.b3 Nb6 26.Rxf7 Nd5 27.Kd3 
Rd8 28.Kc4 Be5 29.f4 Nxf4 30.Bg4 Nd5 31.Bf3 Nc7 32.Re7 Nxb5 33.Rxe5 Nd6+ 
34.Kxc5 Nf5 35.f7 Nh6 36.Re7 Ka7 37.Rxb7+ Ka6 38.Rc7 Nf5 39.Be2+ 1-0

[Event "11th Essent op"]
[Site "Hoogeveen NED"]
[Date "2007.10.17"]
[Round "6.29"]
[White "Van den Berg, Ad"]
[Black "Meurs, Tom WA"]
[Result "1-0"]
[WhiteElo "2248"]
[BlackElo "2051"]
[EventDate "2007.10.12"]
[PlyCount "29"]

1.e4 e5 2.Nf3 Nc6 3.Bb5 a6 4.Ba4 Nf6 5.Nc3 b5 6.Bb3 Bc5 7.Nxe5 Bxf2+ 8.
Kxf2 Nxe5 9.d4 Nfg4+ 10.Kg1 Qf6 11.Qd2 a5 12.Nd5 Qd6 13.c3 a4 14.Bd1 Ng6 
15.Bxg4 1-0

[Event "11th Essent op"]
[Site "Hoogeveen NED"]
[Date "2007.10.17"]
[Round "6.30"]
[White "Vroombout, Enrico"]
[Black "Van der Leest, Bert"]
[Result "1-0"]
[WhiteElo "2141"]
[BlackElo "2199"]
[EventDate "2007.10.12"]
[PlyCount "80"]

1.e4 c5 2.Nf3 d6 3.d4 cxd4 4.Nxd4 Nf6 5.Nc3 a6 6.Be3 e5 7.Nb3 Be6 8.Qd2 
Be7 9.f3 O-O 10.O-O-O a5 11.Qf2 Nbd7 12.Kb1 a4 13.Nc1 a3 14.b3 Ra5 15.Bb5 
Qc7 16.N1e2 Rc8 17.Rc1 d5 18.exd5 Nxd5 19.Nxd5 Bxd5 20.Bd3 Be6 21.Rhd1 Nc5
22.Be4 f5 23.Bd5 Bxd5 24.Rxd5 Nd7 25.Rxa5 Qxa5 26.Rd1 Qc7 27.Rc1 Nf6 28.
Qe1 Nd5 29.Bd2 Bc5 30.Nc3 Qd6 31.Nxd5 Qxd5 32.Bc3 Bd6 33.Ba1 Qc5 34.Qd2 
Be7 35.Rd1 Rd8 36.Qe2 Rxd1+ 37.Qxd1 Bf6 38.c4 Qf2 39.Qd5+ Kf8 40.Qd6+ Kf7 
1-0

[Event "11th Essent op"]
[Site "Hoogeveen NED"]
[Date "2007.10.17"]
[Round "6.31"]
[White "Fernandez, Daniel Howard"]
[Black "Pg, Mohd Omar Ak Hirawa"]
[Result "0-1"]
[WhiteElo "2102"]
[BlackElo "2316"]
[EventDate "2007.10.12"]
[PlyCount "56"]

1.e4 c5 2.Nf3 Nc6 3.d4 cxd4 4.Nxd4 Nf6 5.Nc3 e5 6.Ndb5 d6 7.Bg5 a6 8.Na3 
b5 9.Bxf6 gxf6 10.Nd5 f5 11.c3 Bg7 12.Bd3 Ne7 13.Nxe7 Qxe7 14.O-O d5 15.
exd5 O-O 16.Nc2 Qd6 17.a4 e4 18.Be2 Be5 19.h3 f4 20.f3 e3 21.Qe1 Qg6 22.
Bd1 Bxh3 23.Qe2 Kh8 24.Ne1 Rg8 25.axb5 a5 26.Bc2 Qg3 27.Rc1 Rg5 28.Nd3 
Bxg2 0-1

[Event "11th Essent op"]
[Site "Hoogeveen NED"]
[Date "2007.10.17"]
[Round "6.32"]
[White "Schut, Donna"]
[Black "Van Kooten, Luuk"]
[Result "1-0"]
[WhiteElo "1999"]
[BlackElo "2283"]
[EventDate "2007.10.12"]
[PlyCount "53"]

1.e4 c5 2.Nf3 Nc6 3.d4 cxd4 4.Nxd4 Nf6 5.Nc3 e5 6.Ndb5 d6 7.Bg5 a6 8.Na3 
b5 9.Bxf6 gxf6 10.Nd5 Bg7 11.c3 f5 12.exf5 Bxf5 13.Nc2 Be6 14.g3 O-O 15.
Bg2 a5 16.O-O Rb8 17.Qh5 f5 18.Rad1 b4 19.b3 bxc3 20.Nxc3 e4 21.Nxe4 Bf7 
22.Qh3 Bg6 23.Rxd6 Qc7 24.Rxg6 hxg6 25.Ng5 Rfe8 26.Qh7+ Kf8 27.Qxg6 1-0

[Event "11th Essent op"]
[Site "Hoogeveen NED"]
[Date "2007.10.17"]
[Round "6.33"]
[White "Hoffman, Ron"]
[Black "Friesen, Boris"]
[Result "1/2-1/2"]
[WhiteElo "2158"]
[BlackElo "2152"]
[EventDate "2007.10.12"]
[PlyCount "47"]

1.Nf3 Nf6 2.d4 g6 3.Nc3 d5 4.Bf4 c6 5.e3 Bg7 6.Be2 O-O 7.Ne5 Nbd7 8.h4 
Nxe5 9.Bxe5 Nd7 10.Bxg7 Kxg7 11.h5 e5 12.hxg6 hxg6 13.dxe5 Nxe5 14.Qd4 Qf6
15.O-O-O Be6 16.g4 Nd7 17.Rh2 Qxd4 18.exd4 Rh8 19.Rdh1 Rxh2 20.Rxh2 Nf6 
21.f3 Re8 22.Kd2 Nd7 23.Nd1 g5 24.Bd3 1/2-1/2

[Event "11th Essent op"]
[Site "Hoogeveen NED"]
[Date "2007.10.17"]
[Round "6.34"]
[White "Galje, Hans"]
[Black "Fehr, Axel"]
[Result "1/2-1/2"]
[WhiteElo "2143"]
[BlackElo "2150"]
[EventDate "2007.10.12"]
[PlyCount "85"]

1.d4 f5 2.g3 g6 3.Bg2 Bg7 4.Nc3 Nf6 5.Nh3 Nc6 6.d5 Ne5 7.Nf4 c6 8.e4 O-O 
9.exf5 gxf5 10.O-O Nf7 11.Re1 cxd5 12.Ncxd5 Nxd5 13.Nxd5 e6 14.Nf4 Qb6 15.
c3 Ne5 16.Qe2 a5 17.Be3 Qa6 18.Qh5 d6 19.Bd4 Qb5 20.Qg5 h6 21.Qe7 Qd7 22.
Qxd7 Bxd7 23.Bxe5 dxe5 24.Ng6 Rfb8 25.Nxe5 Bb5 26.Rad1 Rd8 27.f4 Ba6 28.
Nd7 Kf7 29.Nc5 Rxd1 30.Rxd1 Bf8 31.Nxa6 Rxa6 32.Rd7+ Kf6 33.Rxb7 Bc5+ 34.
Kf1 Rd6 35.Rb5 Be3 36.Ke2 Bc1 37.Bf3 Rd2+ 38.Kf1 Bxb2 39.Rb3 a4 40.Rb4 a3 
41.Rb3 Rc2 42.Be2 Rc1+ 43.Kg2 1/2-1/2

[Event "11th Essent op"]
[Site "Hoogeveen NED"]
[Date "2007.10.17"]
[Round "6.35"]
[White "Middelveld, Martine"]
[Black "Potze, Rudolf"]
[Result "1-0"]
[WhiteElo "2009"]
[BlackElo "2137"]
[EventDate "2007.10.12"]
[PlyCount "59"]

1.d4 Nf6 2.c4 g6 3.f3 d5 4.cxd5 Nxd5 5.e4 Nb6 6.Nc3 Bg7 7.Be3 O-O 8.Qd2 e5
9.d5 c6 10.h4 f5 11.h5 f4 12.Bc5 Rf6 13.hxg6 Rxg6 14.O-O-O N8d7 15.Bf2 Qe8
16.Kb1 Bf8 17.Qc2 Nc5 18.Nge2 Bd7 19.g3 fxg3 20.Nxg3 Rc8 21.dxc6 Rcxc6 22.
Bb5 Rc8 23.Bxd7 Nbxd7 24.Nf5 Rcc6 25.Bh4 Ne6 26.Qd2 Nb6 27.Nd5 Nc4 28.Qh2 
Ra6 29.Nf6+ Rxf6 30.Bxf6 1-0

[Event "11th Essent op"]
[Site "Hoogeveen NED"]
[Date "2007.10.17"]
[Round "6.36"]
[White "Vuilleumier, Alexandre"]
[Black "Van der Veen, Jan"]
[Result "1/2-1/2"]
[WhiteElo "2315"]
[BlackElo "2144"]
[EventDate "2007.10.12"]
[PlyCount "67"]

1.d4 Nf6 2.c4 g6 3.Nf3 Bg7 4.g3 O-O 5.Bg2 d6 6.O-O c6 7.Nc3 Qb6 8.h3 Qa6 
9.b3 b5 10.cxb5 cxb5 11.Bg5 Bb7 12.b4 Nbd7 13.a4 bxa4 14.b5 Qb6 15.Qd3 
Rfc8 16.Nxa4 Qd8 17.Bd2 Be4 18.Qe3 Nb6 19.Ba5 Qe8 20.Bxb6 axb6 21.Nc3 Bb7 
22.Nd2 Bxg2 23.Kxg2 Qd7 24.Qf3 Rxa1 25.Rxa1 d5 26.Ra6 Qd6 27.Na4 Qb4 28.
Qd3 Ne4 29.Nf3 e6 30.Nxb6 Rc3 31.Ra8+ Bf8 32.Qd1 Qxb5 33.Ne5 Kg7 34.Nbd7 
1/2-1/2

[Event "11th Essent op"]
[Site "Hoogeveen NED"]
[Date "2007.10.17"]
[Round "6.37"]
[White "Markus, John Raymond"]
[Black "Borg, Andrew"]
[Result "0-1"]
[WhiteElo "2264"]
[BlackElo "2116"]
[EventDate "2007.10.12"]
[PlyCount "88"]

1.Nf3 Nf6 2.d4 d5 3.e3 Bf5 4.c4 c6 5.Nc3 e6 6.Be2 Nbd7 7.O-O Be7 8.b3 h6 
9.Bb2 O-O 10.Rc1 Ne4 11.Nxe4 Bxe4 12.Nd2 Bh7 13.Bf3 Nf6 14.Re1 a5 15.e4 
dxe4 16.Nxe4 Nxe4 17.Bxe4 Bxe4 18.Rxe4 Bf6 19.Qc2 Qd7 20.h3 Rfd8 21.Rd1 
Qc7 22.Ree1 Rd7 23.Re3 Rad8 24.Red3 Qb8 25.Bc3 Qa7 26.c5 b5 27.cxb6 Qxb6 
28.Qd2 Rd5 29.Qe1 Qa6 30.f4 R8d7 31.Kh1 c5 32.Bxa5 c4 33.bxc4 Rxa5 34.d5 
Ra7 35.d6 Rd7 36.f5 Rxf5 37.Qb4 Qc6 38.Rb3 Rf2 39.Rg3 Bh4 40.Rdd3 Bxg3 41.
Qb8+ Kh7 42.Rxg3 Rf1+ 43.Kh2 Qxd6 44.Qb3 Qd1 0-1

[Event "11th Essent op"]
[Site "Hoogeveen NED"]
[Date "2007.10.18"]
[Round "7.1"]
[White "l`Ami, Erwin"]
[Black "Postny, Evgeny"]
[Result "1/2-1/2"]
[WhiteElo "2577"]
[BlackElo "2598"]
[EventDate "2007.10.12"]
[PlyCount "57"]

1.d4 d5 2.c4 c6 3.Nf3 Nf6 4.e3 Bg4 5.h3 Bxf3 6.Qxf3 e6 7.Nc3 Nbd7 8.Bd2 
Bb4 9.Bd3 O-O 10.a3 Ba5 11.cxd5 cxd5 12.Qe2 Rc8 13.O-O a6 14.Rac1 Bc7 15.
Na4 Bd6 16.Rxc8 Qxc8 17.Rc1 Qb8 18.Nc5 Rc8 19.b4 Rc7 20.Qd1 a5 21.Nxd7 
Rxd7 22.bxa5 Bxa3 23.Rb1 Qc8 24.Rb3 Bd6 25.Qb1 g6 26.g3 Rc7 27.Kg2 Qd7 28.
Rb6 Kg7 29.Bb4 1/2-1/2

[Event "11th Essent op"]
[Site "Hoogeveen NED"]
[Date "2007.10.18"]
[Round "7.2"]
[White "Smerdon, David"]
[Black "Werle, Jan"]
[Result "1/2-1/2"]
[WhiteElo "2466"]
[BlackElo "2568"]
[EventDate "2007.10.12"]
[PlyCount "83"]

1.e4 e5 2.Nf3 Nc6 3.Nc3 Nf6 4.d4 exd4 5.Nxd4 Bb4 6.Nxc6 bxc6 7.Bd3 d5 8.
exd5 cxd5 9.O-O O-O 10.Bg5 c6 11.Qf3 Bd6 12.Rae1 h6 13.Bxf6 Qxf6 14.Qxf6 
gxf6 15.Ne2 c5 16.Ng3 c4 17.Be2 Be5 18.b3 Be6 19.h3 Rac8 20.bxc4 dxc4 21.
Bg4 Rc5 22.Bxe6 fxe6 23.f4 Bd4+ 24.Kh2 Kf7 25.Re4 Rd8 26.Rd1 Rcd5 27.c3 
Bb6 28.Rde1 Rd3 29.R1e2 Rg8 30.Nh5 Rd6 31.Rxc4 f5 32.g3 Rgd8 33.g4 Rd2 34.
Rxd2 Rxd2+ 35.Kg3 Rxa2 36.gxf5 exf5 37.Rc6 Rc2 38.Nf6 Rd2 39.c4 Rd3+ 40.
Kg2 Rd2+ 41.Kf3 Rd3+ 42.Kg2 1/2-1/2

[Event "11th Essent op"]
[Site "Hoogeveen NED"]
[Date "2007.10.18"]
[Round "7.3"]
[White "Hort, Vlastimil"]
[Black "Nijboer, Friso"]
[Result "1/2-1/2"]
[WhiteElo "2483"]
[BlackElo "2559"]
[EventDate "2007.10.12"]
[PlyCount "106"]

1.c4 g6 2.d4 Bg7 3.Nc3 Nf6 4.e4 d6 5.f3 O-O 6.Bg5 a6 7.Qd2 Nbd7 8.Nh3 c5 
9.d5 b5 10.cxb5 Qa5 11.Nf2 Nb6 12.Nfd1 Re8 13.Be2 Nfd7 14.O-O Ne5 15.b3 
axb5 16.Bxb5 Ba6 17.Bxe8 Bxf1 18.Kxf1 Rxe8 19.Rb1 f5 20.exf5 gxf5 21.Kg1 
Ng6 22.h4 Qb4 23.h5 Ne5 24.Rb2 Qd4+ 25.Be3 Qh4 26.h6 Bf6 27.Qf2 Qh5 28.
Qg3+ Kf7 29.Qh2 Qg6 30.Kh1 Rb8 31.Rd2 c4 32.Ne2 cxb3 33.axb3 Nbd7 34.Nf4 
Qg5 35.Nh5 Qh4 36.Qxh4 Bxh4 37.Rb2 Nf6 38.Nxf6 Bxf6 39.Bd4 Nd3 40.Bxf6 
Kxf6 41.Rb1 Rb5 42.Ne3 Kg5 43.Kh2 Ne5 44.b4 f4 45.Nd1 Nd3 46.Rb3 Nxb4 47.
Nc3 Rb6 48.Ra3 Ra6 49.Rb3 Rb6 50.Ra3 Rb7 51.Rb3 Rb8 52.Kh3 Kxh6 53.Na2 Na6
1/2-1/2

[Event "11th Essent op"]
[Site "Hoogeveen NED"]
[Date "2007.10.18"]
[Round "7.4"]
[White "Smeets, Jan"]
[Black "Van Delft, Merijn"]
[Result "1/2-1/2"]
[WhiteElo "2558"]
[BlackElo "2418"]
[EventDate "2007.10.12"]
[PlyCount "84"]

1.e4 c6 2.d4 d5 3.e5 Bf5 4.Be3 e6 5.Nd2 Nd7 6.f4 Qb6 7.Nb3 a5 8.a4 h5 9.
Be2 Be4 10.Nf3 Bxf3 11.Bxf3 g6 12.O-O Nh6 13.Bf2 Nf5 14.Qd3 Be7 15.Nd2 Kf8
16.b3 Kg7 17.c4 Nb8 18.cxd5 cxd5 19.Be2 Nc6 20.Nf3 Nb4 21.Qd2 Rac8 22.Rfc1
Qa7 23.g3 Qb8 24.h3 Rxc1+ 25.Rxc1 Rc8 26.g4 hxg4 27.hxg4 Nh6 28.Ne1 Rc7 
29.Ng2 Qc8 30.Rxc7 Qxc7 31.Be3 Ng8 32.f5 gxf5 33.gxf5 exf5 34.Nf4 Kf8 35.
Bf3 Qc6 36.Nh5 Nc2 37.Qg2 Qg6 38.Bf2 Bg5 39.Ng3 Ne3 40.Qh3 Nh6 41.Kh1 Nhg4
42.Bg1 Kg8 1/2-1/2

[Event "11th Essent op"]
[Site "Hoogeveen NED"]
[Date "2007.10.18"]
[Round "7.5"]
[White "Winants, Luc"]
[Black "Reinderman, Dimitri"]
[Result "1-0"]
[WhiteElo "2504"]
[BlackElo "2510"]
[EventDate "2007.10.12"]
[PlyCount "89"]

1.d4 f5 2.Nc3 Nf6 3.Bg5 d5 4.Bxf6 exf6 5.e3 Be6 6.Nge2 Nc6 7.Nf4 Qd7 8.Bb5
a6 9.Ba4 Bf7 10.a3 b5 11.Bb3 Ne7 12.Nd3 Nc8 13.Nc5 Qc6 14.a4 Rb8 15.axb5 
axb5 16.Na6 Rb7 17.Qd3 Be6 18.Nxb5 Kf7 19.Nc3 Nb6 20.Qb5 Qxb5 21.Nxb5 c6 
22.Nc5 Bxc5 23.dxc5 cxb5 24.cxb6 Rxb6 25.Ra7+ Kg6 26.Re7 f4 27.exf4 f5 28.
Kd2 Kf6 29.Ra7 h6 30.h4 Rd8 31.Re1 g5 32.fxg5+ hxg5 33.hxg5+ Kxg5 34.Kd3 
Kf6 35.Kd4 Rc6 36.Rh1 Rg8 37.Rh6+ Kg5 38.Rah7 f4 39.Ke5 Re8 40.Rh5+ Kg4 
41.Rh4+ Kg5 42.R7h5+ Kg6 43.Kxf4 Rf8+ 44.Kg3 Rg8 45.f4 1-0

[Event "11th Essent op"]
[Site "Hoogeveen NED"]
[Date "2007.10.18"]
[Round "7.6"]
[White "Visser, Yge"]
[Black "Hillarp Persson, Tiger"]
[Result "1-0"]
[WhiteElo "2470"]
[BlackElo "2567"]
[EventDate "2007.10.12"]
[PlyCount "119"]

1.e4 c5 2.g3 d5 3.exd5 Qxd5 4.Nf3 Bg4 5.Bg2 Qe6+ 6.Kf1 Nc6 7.h3 Bxf3 8.
Qxf3 Nf6 9.Nc3 Qd7 10.d3 e6 11.Be3 Be7 12.Na4 Nd5 13.Nxc5 Qc7 14.Nb3 Ncb4 
15.c3 Nxd3 16.Bd4 Nxb2 17.Qg4 O-O-O 18.c4 Nxc4 19.Kg1 h5 20.Qxg7 Bd6 21.
Rc1 b5 22.Qg5 Be7 23.Qg7 Bd6 24.Qg5 Rdg8 25.Qh4 Rh6 26.a4 Rhg6 27.axb5 
Bxg3 28.fxg3 Rxg3 29.Rh2 Rxb3 30.Kh1 Kd7 31.Bxd5 exd5 32.Qxh5 Kd6 33.Rf2 
Qd7 34.Rf5 Qe6 35.Rf6 Rgg3 36.Rxe6+ fxe6 37.Bf2 Rgd3 38.Kh2 Rxb5 39.Bg3+ 
Kc6 40.Rc2 Rbb3 41.Bf4 Rf3 42.Qg4 Kd7 43.Qg7+ Kc6 44.Qg4 Kd7 45.Ra2 Rxh3+ 
46.Qxh3 Rxh3+ 47.Kxh3 a5 48.Kg4 Kc6 49.Re2 a4 50.Rxe6+ Kb5 51.Kf3 a3 52.
Bh6 d4 53.Re1 Ka4 54.Ke4 a2 55.Kxd4 Kb3 56.Bg7 Nd2 57.Kd3 Nc4 58.Rh1 Nb2+ 
59.Kd2 Nc4+ 60.Kc1 1-0

[Event "11th Essent op"]
[Site "Hoogeveen NED"]
[Date "2007.10.18"]
[Round "7.7"]
[White "Gofshtein, Leonid D"]
[Black "Simutowe, Amon"]
[Result "1-0"]
[WhiteElo "2541"]
[BlackElo "2421"]
[EventDate "2007.10.12"]
[PlyCount "109"]

1.d4 Nf6 2.c4 e6 3.Nf3 d5 4.Nc3 dxc4 5.e4 Bb4 6.Bg5 h6 7.Bxf6 Qxf6 8.Bxc4 
c5 9.e5 Qf4 10.O-O Bxc3 11.bxc3 cxd4 12.cxd4 Bd7 13.Rc1 O-O 14.Qb3 Bc6 15.
Qe3 g5 16.Be2 Rd8 17.h4 Bxf3 18.Bxf3 Nc6 19.Bxc6 bxc6 20.Qxf4 gxf4 21.Rc4 
Rd5 22.Re1 Rb8 23.Re4 Rbb5 24.a4 Rb1+ 25.Kh2 a5 26.Rxc6 Rb4 27.Rd6 Rxa4 
28.Rxf4 Rxe5 29.Rd8+ Kh7 30.Rxf7+ Kg6 31.dxe5 Kxf7 32.Kg3 h5 33.Ra8 Rg4+ 
34.Kh3 a4 35.f3 Rf4 36.Kg3 Rb4 37.Kh3 Rf4 38.Ra6 Rf5 39.Ra5 Rf4 40.Ra6 Rf5
41.Ra7+ Kg6 42.Rxa4 Rxe5 43.Re4 Rf5 44.Rxe6+ Kf7 45.Re3 Kg6 46.g4 hxg4+ 
47.fxg4 Rf6 48.Kg3 Ra6 49.Rb3 Kh6 50.h5 Rc6 51.Kh4 Rc4 52.Rb6+ Kh7 53.Re6 
Ra4 54.h6 Ra1 55.Kh5 1-0

[Event "11th Essent op"]
[Site "Hoogeveen NED"]
[Date "2007.10.18"]
[Round "7.8"]
[White "Grooten, Herman"]
[Black "Safarli, Eltaj"]
[Result "0-1"]
[WhiteElo "2350"]
[BlackElo "2488"]
[EventDate "2007.10.12"]
[PlyCount "77"]

1.d4 Nf6 2.c4 e6 3.Nf3 b6 4.a3 Ba6 5.Qc2 c5 6.e4 cxd4 7.e5 Ng8 8.Nxd4 Ne7 
9.Nc3 Nbc6 10.Ndb5 Nf5 11.Qe4 h5 12.Bf4 g5 13.Nd5 exd5 14.cxd5 Bxb5 15.
Bxb5 Ncd4 16.Bd2 Bg7 17.O-O O-O 18.Bd3 Re8 19.f4 gxf4 20.Bxf4 d6 21.e6 
fxe6 22.Bg3 Qg5 23.Rae1 Rad8 24.Bf4 Qg6 25.Be3 Qf6 26.dxe6 d5 27.Qf4 Rf8 
28.Kh1 Qe7 29.Bd2 Bh6 30.Qf2 Bxd2 31.Qxd2 Rd6 32.Re5 Rxe6 33.Rxd5 Qh4 34.
Kg1 Ref6 35.Rf4 Ne3 36.g3 Rxf4 37.Qxe3 Qg4 38.Qe5 Qd1+ 39.Kg2 0-1

[Event "11th Essent op"]
[Site "Hoogeveen NED"]
[Date "2007.10.18"]
[Round "7.9"]
[White "Abergel, Thal"]
[Black "Vedder, Richard"]
[Result "1-0"]
[WhiteElo "2528"]
[BlackElo "2297"]
[EventDate "2007.10.12"]
[PlyCount "39"]

1.d4 Nf6 2.Nf3 e6 3.e3 c5 4.Bd3 b6 5.O-O Bb7 6.c4 Be7 7.Nc3 cxd4 8.exd4 d6
9.d5 e5 10.Ng5 h6 11.Nge4 Nxe4 12.Nxe4 Nd7 13.Qg4 Kf8 14.f4 Qe8 15.Qg3 Rd8
16.Bd2 Kg8 17.fxe5 Nxe5 18.Bc3 Bc8 19.Rae1 Bf8 20.Nf6# 1-0

[Event "11th Essent op"]
[Site "Hoogeveen NED"]
[Date "2007.10.18"]
[Round "7.10"]
[White "Peng, Zhaoqin"]
[Black "De Jong, Migchiel"]
[Result "1-0"]
[WhiteElo "2419"]
[BlackElo "2341"]
[EventDate "2007.10.12"]
[PlyCount "95"]

1.d4 Nf6 2.c4 g6 3.Nc3 Bg7 4.e4 d6 5.Be2 O-O 6.Bg5 Na6 7.h4 e5 8.d5 h6 9.
Be3 Nc5 10.Bf3 h5 11.b4 Ncd7 12.Nh3 a5 13.a3 Nb6 14.Be2 Ng4 15.Bg5 f6 16.
Bd2 Bh6 17.Rc1 axb4 18.axb4 Bd7 19.O-O Kh7 20.c5 Na4 21.Nb5 Bxd2 22.Qxd2 
Nh6 23.Qe3 dxc5 24.bxc5 c6 25.dxc6 bxc6 26.Rfd1 Qe7 27.Nd6 Ra5 28.Rd2 Ng4 
29.Qa3 Rfa8 30.Qb4 Be6 31.Bd1 Qa7 32.Nb7 Rb5 33.Qxa4 Qxb7 34.Qc2 Ra2 35.
Qd3 Rbb2 36.Rxb2 Qxb2 37.Rc2 Qb4 38.Rxa2 Bxa2 39.Bxg4 hxg4 40.Qd7+ Kh6 41.
Qxg4 Qxc5 42.Qd7 Bg8 43.g4 Qd4 44.Qxc6 Qd1+ 45.Kh2 Qxg4 46.Qxf6 Qxe4 47.
Qh8+ Bh7 48.Qxh7+ 1-0

[Event "11th Essent op"]
[Site "Hoogeveen NED"]
[Date "2007.10.18"]
[Round "7.11"]
[White "Willemze, Thomas"]
[Black "Hedke, Fred"]
[Result "1-0"]
[WhiteElo "2417"]
[BlackElo "2323"]
[EventDate "2007.10.12"]
[PlyCount "71"]

1.e4 e5 2.Nf3 d6 3.d4 Nf6 4.Nc3 Nbd7 5.g4 Nxg4 6.Rg1 exd4 7.Nxd4 Nde5 8.h3
Nf6 9.f4 Ng6 10.Be3 c6 11.Qf3 Bd7 12.O-O-O a6 13.Qf2 Qc7 14.Nf3 b5 15.e5 
dxe5 16.fxe5 Nd5 17.Nxd5 cxd5 18.Ng5 Be6 19.Be2 Be7 20.Nxe6 fxe6 21.Bh5 
Rf8 22.Qg3 O-O-O 23.Bxg6 hxg6 24.Rd3 Kb7 25.Rc3 Qb8 26.Bg5 Rd7 27.Bxe7 
Rxe7 28.a4 b4 29.Qh4 bxc3 30.Qxe7+ Ka8 31.bxc3 Qc8 32.Rxg6 Rf1+ 33.Kb2 
Qb8+ 34.Qb4 Qxe5 35.Qb6 Qe1 36.Qd8+ 1-0

[Event "11th Essent op"]
[Site "Hoogeveen NED"]
[Date "2007.10.18"]
[Round "7.12"]
[White "Miedema, David"]
[Black "Pruijssers, Roeland"]
[Result "0-1"]
[WhiteElo "2303"]
[BlackElo "2408"]
[EventDate "2007.10.12"]
[PlyCount "72"]

1.d4 Nf6 2.c4 g6 3.Nc3 Bg7 4.e4 d6 5.f3 O-O 6.Be3 Nc6 7.Nge2 a6 8.Qd2 Re8 
9.g4 e6 10.O-O-O b5 11.Ng3 e5 12.dxe5 Nxe5 13.Be2 Nxc4 14.Bxc4 bxc4 15.h4 
Bxg4 16.fxg4 Nxg4 17.Bg5 Qd7 18.h5 Rab8 19.hxg6 hxg6 20.Rh4 Ne5 21.Nd5 
Nd3+ 22.Qxd3 cxd3 23.Nf6+ Bxf6 24.Bxf6 Qc6+ 25.Kd2 Qc2+ 26.Ke3 Rxe4+ 27.
Nxe4 Qe2+ 28.Kf4 g5+ 29.Bxg5 Rb4 30.Kf5 Qf3+ 31.Rf4 Qh3+ 32.Rg4 Qh7+ 33.
Kf6 Qg6+ 34.Ke7 Qe6+ 35.Kd8 Rxe4 36.Bf4+ Qxg4 0-1

[Event "11th Essent op"]
[Site "Hoogeveen NED"]
[Date "2007.10.18"]
[Round "7.13"]
[White "Vedder, Henk"]
[Black "Pel, Bonno"]
[Result "1-0"]
[WhiteElo "2364"]
[BlackElo "2280"]
[EventDate "2007.10.12"]
[PlyCount "85"]

1.e4 d6 2.d4 g6 3.Nc3 Bg7 4.f4 a6 5.Nf3 b5 6.Bd3 Nd7 7.a4 b4 8.Nb1 c5 9.c3
bxc3 10.bxc3 Rb8 11.Be3 Ngf6 12.Nbd2 O-O 13.h3 Qa5 14.Qc2 cxd4 15.cxd4 Bb7
16.O-O Rfc8 17.Qd1 e5 18.fxe5 dxe5 19.Nc4 Qc7 20.Nfxe5 Nxe5 21.Nxe5 Bxe4 
22.Rxf6 Bxf6 23.Ng4 Bxd3 24.Nxf6+ Kg7 25.Qxd3 Kxf6 26.Bh6 Rb6 27.d5 Qe5 
28.Rf1+ Ke7 29.Bf4 Qc3 30.Qe4+ Kf8 31.Be3 Rf6 32.Rc1 Qxc1+ 33.Bxc1 Rxc1+ 
34.Kh2 Rc8 35.Qe5 Kg7 36.g4 h6 37.h4 g5 38.hxg5 hxg5 39.Qxg5+ Rg6 40.Qe5+ 
Kg8 41.d6 Rh6+ 42.Kg3 Re6 43.d7 1-0

[Event "11th Essent op"]
[Site "Hoogeveen NED"]
[Date "2007.10.18"]
[Round "7.14"]
[White "Tondivar, Babak"]
[Black "Akotchik, Victor"]
[Result "1/2-1/2"]
[WhiteElo "2353"]
[BlackElo "2015"]
[EventDate "2007.10.12"]
[PlyCount "68"]

1.d4 d5 2.c4 e6 3.Nc3 c6 4.e3 Bd6 5.Bd3 f5 6.Nge2 Nf6 7.f3 O-O 8.Qc2 a6 9.
O-O Qc7 10.h3 Nh5 11.Bd2 dxc4 12.Bxc4 Kh8 13.a4 e5 14.dxe5 Bxe5 15.f4 Bd6 
16.a5 Qe7 17.e4 Bc5+ 18.Kh2 Nf6 19.e5 Ng4+ 20.Kg3 Ne3 21.Bxe3 Bxe3 22.Rf3 
Ba7 23.h4 Nd7 24.Na4 Bb8 25.Qd2 Bc7 26.Rd3 Nxe5 27.fxe5 Bxe5+ 28.Kf3 Qxh4 
29.Nb6 f4 30.Nxc8 Qh5+ 31.Kf2 Qh4+ 32.Kf3 Qh5+ 33.Kf2 Qh4+ 34.Kf3 Qh5+ 
1/2-1/2

[Event "11th Essent op"]
[Site "Hoogeveen NED"]
[Date "2007.10.18"]
[Round "7.15"]
[White "Afek, Yochanan"]
[Black "Humphrey, Jonathan"]
[Result "1-0"]
[WhiteElo "2350"]
[BlackElo "2284"]
[EventDate "2007.10.12"]
[PlyCount "65"]

1.e4 c5 2.Nf3 e6 3.c3 Nf6 4.e5 Nd5 5.d4 cxd4 6.cxd4 d6 7.a3 Bd7 8.Bd3 Bc6 
9.O-O Nd7 10.b4 a6 11.Nbd2 Nc3 12.Qe1 dxe5 13.dxe5 Nb6 14.Qe3 Nbd5 15.Qd4 
Nf4 16.Qxc3 Qxd3 17.Qxd3 Nxd3 18.Rd1 a5 19.Nc4 Nxc1 20.Rdxc1 axb4 21.axb4 
Rd8 22.Na5 Bd5 23.Rc7 Bxb4 24.Nxb7 Rb8 25.Rb1 Ra8 26.h3 Ba3 27.Nd6+ Bxd6 
28.exd6 O-O 29.Ne5 Ra6 30.Nxf7 e5 31.Nxe5 Rxd6 32.Ra1 Re6 33.Raa7 1-0

[Event "11th Essent op"]
[Site "Hoogeveen NED"]
[Date "2007.10.18"]
[Round "7.16"]
[White "Mamedjarova, Turkan"]
[Black "Erwich, Frank"]
[Result "0-1"]
[WhiteElo "2227"]
[BlackElo "2346"]
[EventDate "2007.10.12"]
[PlyCount "44"]

1.e4 e5 2.Nf3 Nc6 3.Nc3 Nf6 4.d4 Bb4 5.d5 Nxe4 6.Qd3 Nc5 7.Qc4 b5 8.Qg4 
O-O 9.dxc6 e4 10.Nd4 dxc6 11.Qd1 Na4 12.Qd2 Qf6 13.Qe3 Rd8 14.Ne2 Bg4 15.
Bd2 Nxb2 16.Ng3 Rxd2 17.Ngxe4 Qxc3 18.Nxc3 Rxc2 19.Bd3 Nxd3+ 20.Kf1 Bxc3 
21.Rb1 Rxf2+ 22.Kg1 Ba5 0-1

[Event "11th Essent op"]
[Site "Hoogeveen NED"]
[Date "2007.10.18"]
[Round "7.17"]
[White "Bok, Benjamin"]
[Black "Schuurman, Petra"]
[Result "1/2-1/2"]
[WhiteElo "2115"]
[BlackElo "2281"]
[EventDate "2007.10.12"]
[PlyCount "84"]

1.e4 c6 2.d4 d5 3.Nc3 dxe4 4.Nxe4 Bf5 5.Ng3 Bg6 6.h4 h6 7.Nf3 Nd7 8.h5 Bh7
9.Bd3 Bxd3 10.Qxd3 e6 11.Bf4 Qa5+ 12.Bd2 Bb4 13.c3 Be7 14.c4 Qc7 15.Ne4 
Ngf6 16.O-O-O b5 17.Nxf6+ Nxf6 18.Kb1 O-O 19.Ne5 bxc4 20.Qxc4 Qb6 21.Rh3 
c5 22.dxc5 Qxc5 23.Qxc5 Bxc5 24.Nd3 Bd4 25.f3 Rab8 26.b3 Rfd8 27.Rhh1 Nd5 
28.Nb2 Bc3 29.Nc4 Rdc8 30.Ne3 Nf4 31.Nf5 Nd5 32.Ne3 Nb6 33.Bxc3 Rxc3 34.
Rhe1 Rc5 35.g4 a5 36.Rc1 Rb5 37.Nc4 a4 38.Nd6 Rb4 39.Re4 Rxe4 40.Nxe4 Nd5 
41.Kb2 axb3 42.axb3 f5 1/2-1/2

[Event "11th Essent op"]
[Site "Hoogeveen NED"]
[Date "2007.10.18"]
[Round "7.18"]
[White "Rasmussen, Allan Stig"]
[Black "Van Apeldoorn, Janton"]
[Result "1-0"]
[WhiteElo "2485"]
[BlackElo "2188"]
[EventDate "2007.10.12"]
[PlyCount "75"]

1.d4 Nf6 2.c4 c5 3.d5 e6 4.Nc3 exd5 5.cxd5 d6 6.e4 g6 7.f4 Bg7 8.Bb5+ Nfd7
9.a4 a6 10.Be2 Qh4+ 11.g3 Qd8 12.Nf3 O-O 13.O-O Re8 14.Re1 Nf6 15.Nd2 Nbd7
16.Kg2 Rb8 17.Qc2 Nb6 18.a5 Na8 19.Nc4 Nc7 20.Nb6 Nd7 21.Nxc8 Qxc8 22.Bd2 
b5 23.axb6 Rxb6 24.Bg4 Qd8 25.Ra2 Nb5 26.Nxb5 axb5 27.Ba5 f5 28.exf5 Rxe1 
29.Bxe1 Nf6 30.Bf3 b4 31.Ra7 Qe8 32.Bf2 b3 33.Qd3 Rb4 34.Qa6 gxf5 35.Qxd6 
Ne4 36.Qc7 Bxb2 37.Qxh7+ Kf8 38.Bh5 1-0